00565nam a2200205 a 4500001001300000003000900013005001700022008004100039020002300080082001800103100002700121245004800148260004400196300000900240500003500249505001000284650002000294650001800314700002700332nice12345678IN_TiNIC20260116013621.0050524s1994 lona grp 000 0 eng  a0194241 c37500a954.0258bARS aArasaratnam, Sinnappah aMaritime Indiab in the Seventeenth Century aLondan bOxford University Press c1994 a294p aincludes index and biblioraphy2 aIndex aEconomics-India aIndia-Coastal1 aArasaratnam, Sinnappah